00497cam a22001337a 4500008004000000082001400040100003400054245007600088260005000164300001000214650003500224999001900259952008500278180718b1965 xxu||||| |||| 00| 0 eng d aA2:B Am35 aAmerican Behavioral Scientist aAB's guide to recent publications in the social and behavioral sciences aNew YorkbAmerican Behavioral Scientistc1965 a781p. aSocial sciences - Bibliography c357332d357332 00104070aIIPAbIIPAd1994-01-13oA2:B Am35p38600r2018-07-21w2018-07-21yBK